Регионална библиотека "Любен Каравелов" - Русе

Политическите идеологии (Запис номер 80088)

MARC детайли
000 -Лидер
Контролно поле с фиксирана дължина 01335nam a2200361 c 4500
003 - Код на организацията, давaща контролен номер
Контролно поле BLK
005 - Дата и час на последна редакция
Контролно поле 20231229144151.0
008 - Елементи от данни с фиксирана дължина
fixed length control field 180408b bul|||||r ||||||| ||bul||
010 ## - Наследен системен номер
LC control number KNG00084572000
020 ## - Международен стандартен номер на книга ISBN
Международен стандартен номер на книга ISBN 978-954-07-2677-9
-- издат.: Унив. изд. Св. Климент Охридски
040 ## - Източник на каталожния запис
Идентификатор на билиотеката - собственик на записа BLK
041 ## - Код за език
Код за езика на текст/звукозапис или на отделно заглавие Български
Код за езика КДБФ Български
080 ## - УДК
Текстов определител УДК Политическа теория. Политическа идеология. Политология
УДК код - определител по УДК 32.01
УДК определител (091)
УДК - код + определител 32.01(091)
100 1# - Редна дума - Автор
Автор Нанева, Димитрина Петкова
Авторска отговорност първи автор
R(LIN) 364536
139 ## - Редно поле
Редна дума Нанева, Димитрина Петкова
Авторски знак Нан - Н 21
245 10 - Сведения за заглавието
Заглавие Политическите идеологии
Редно поле (дума) Димитрина Петкова Нанева.
257 ## - Страна на издаване
Страна на създаване/издаване България
260 ## - Област на издателските данни
-- София
Име на издателя, разпространителя и проч. Унив. изд. Св. Климент Охридски
Година на издаване 2008
300 ## - Физическа характеристика
Страници 344 с.
Размери/Мащаб 20 см
380 ## - Жанр
Жанр Обществени науки
500 ## - Общи забележки
Забележка Библиогр. с. 339-343.
590 ## - Забележки на библиотеката, притежаваща документа (RLIN)
Служебно ф
650 #4 - Допълнително описание по предмет – тема
Основно описание – тема или топоним Политика
9 (RLIN) 166818
650 #4 - Допълнително описание по предмет – тема
Основно описание – тема или топоним Идеология
9 (RLIN) 156241
653 ## - Ключова дума – ненормативна
Ключова дума идеологии
653 ## - Ключова дума – ненормативна
Ключова дума политика
852 ## - Местоположение
Форматна сигнатура Цб 240614
856 4# - Електронен адрес и достъп
Електронен формат pdf - файл
Път до файла /url/
856 4# - Електронен адрес и достъп
Електронен формат pdf - файл
Път до файла /url/
942 ## - АРТИКУЛИ
Вид на библиотечния материал Книги
Скрит в OPAC Не
Koha issues (borrowed), all copies 3
944 ## - СЪЗДАВАНЕ И РЕДАКЦИЯ на ЗАПИСА
Създаване/Редакция Създаване
Дата на регистрацията/редакция 22.07.2008
Служител, извършил регистрацията/редакцията 30531
Статус, дата на статуса Цветелина Шанова
944 ## - СЪЗДАВАНЕ И РЕДАКЦИЯ на ЗАПИСА
Създаване/Редакция Редакция
Дата на регистрацията/редакция 28.08.2015
Служител, извършил регистрацията/редакцията
999 ## - СИСТЕМНИ КОНТРОЛНИ НОМЕРА
Koha biblionumber 80088
Koha biblioitemnumber 80088
Наличности
Код за отписване Код за изгубен артикул Код за повреда Коз за рестрикции Код за отдаване Артикулен № Име на библиотеката - собственик Име на библиотеката, в която се намира в момента Статус (Текущо местоположение) Дата на вписване в системата Местоположение - отдел Цена в лева Инвентарен номер Систематично азбучна сигнатура Баркод Номер на екземпляра Цена в евро Служебна бележка Служебен тип на артикула
Изтеглен Не е изгубен Не е повреден без рестрикции заемане за дома 129823 Регионална библиотека "Любен Каравелов" Русе Регионална библиотека "Любен Каравелов" Русе Заемна - подръчен фонд 2008-07-22 Заемна - подръчен фонд 12.00 120000727669 П 32/Н 21 120000727669 1 6.14 Дост: Pk Вид: Ф N: 6001 Дата: 17.07.2008 Дата инв: 02.02.2018 Бележки инв: П2018 Книги
  Не е изгубен Не е повреден без рестрикции заемане за дома 129824 Регионална библиотека "Любен Каравелов" Русе Регионална библиотека "Любен Каравелов" Русе Заемна - подръчен фонд 2008-09-30 Заемна - подръчен фонд 12.00 120000729985 П 32/Н 21 120000729985 2 6.14 Дост: Pk Вид: Ф N: 8938 Дата: 24.09.2008 Дата инв: 02.02.2018 Бележки инв: П2018 Книги
  Не е изгубен Не е повреден без рестрикции заемане за дома 129825 Регионална библиотека "Любен Каравелов" Русе Регионална библиотека "Любен Каравелов" Русе Заемна - подръчен фонд 2008-09-30 Заемна - подръчен фонд 12.00 120000729987 П 32/Н 21 120000729987 3 6.14 Дост: Pk Вид: Ф N: 8938 Дата: 24.09.2008 Дата инв: 02.02.2018 Бележки инв: П2018 Книги
  Не е изгубен Не е повреден без рестрикции ползва се в читалня 129826 Регионална библиотека "Любен Каравелов" Русе Регионална библиотека "Любен Каравелов" Русе Читалня 2008-09-30 Читалня 12.00 120000729988 Ч 32/Н 21 120000729988 4 6.14 Дост: Pk Вид: Ф N: 8938 Дата: 24.09.2008 Дата инв: 22.03.2017 Бележки инв: Ч2017 Книги
  Не е изгубен Не е повреден без рестрикции ползва се в читалня 129827 Регионална библиотека "Любен Каравелов" Русе Регионална библиотека "Любен Каравелов" Русе Хранилище 2009-01-26 Хранилище 12.00 120000733039 Цб 240614 120000733039 5 6.14 Дост: Dp Вид: Д N: 35 Дата: 13.08.2008 Книги
Vip Innovations Ltd, Rousse, Bulgaria 2025